Viśvakarmā : Examples of Indian Architecture, Sculpture, Painting, Handicraft /

Viśvakarmā is a collection of select writings by the famous art historian Coomaraswamy on Indian sculptural art. This volume contains plates depicting Buddhist, Jaina, and Brahmanical forms of sculptural art. The book begins with a depiction of forms of Buddha and bodhisattvas (Avalokiteshvara, Tara...

Full description

Saved in:

Main Author: Coomaraswamy, Ananda K. (Author)

Format: eBook

Language: English

Published: Leiden ; Boston : Brill | Manohar Publishers & Distributors, 2024.

Subjects:

Online Access: Login to view Source

Tags: Add Tag

No Tags, Be the first to tag this record!

Call Number: NB1002

LEADER 02998nam a22004338i 4500
001 BRILL9789004752429
003 nllekb
005 20251116180212.0
006 m d
007 cr un uuuua
008 251031s2024 gw sb 001 0 eng d
020 |a 9789004752429  |q (electronic book) 
020 |z 9789360800710  |q (print) 
024 7 |a 10.1163/9789004752429  |2 DOI 
040 |a NL-LeKB  |c NL-LeKB  |e rda 
041 |a eng 
050 4 |a NB1002 
072 7 |a JF  |2 bicssc 
072 7 |a SOC  |x 0026000  |2 bisacsh 
082 0 4 |a 732/.44  |2 23 
100 1 |a Coomaraswamy, Ananda K.,  |e author. 
245 1 0 |a Viśvakarmā :  |b Examples of Indian Architecture, Sculpture, Painting, Handicraft /  |c Ananda K. Coomaraswamy. 
246 3 |a Examples of Indian Architecture, Sculpture, Painting, Handicraft 
264 1 |a Leiden ;  |a Boston :  |b Brill | Manohar Publishers & Distributors,  |c 2024. 
264 4 |c ©2024 
300 |a 1 online resource (140 pages) :  |b illustrations. 
336 |a text  |b txt  |2 rdacontent 
337 |a computer  |b c  |2 rdamedia 
338 |a online resource  |2 rdacarrier 
504 |a Includes bibliographical references and index. 
505 0 |t Preliminary Material /  |r Ananda K. Coomaraswamy -- Preface /  |r Ananda K. Coomaraswamy -- List of Plates /  |r Ananda K. Coomaraswamy -- Editorial Note /  |r Ananda K. Coomaraswamy -- Plates /  |r Ananda K. Coomaraswamy. 
520 |a Viśvakarmā is a collection of select writings by the famous art historian Coomaraswamy on Indian sculptural art. This volume contains plates depicting Buddhist, Jaina, and Brahmanical forms of sculptural art. The book begins with a depiction of forms of Buddha and bodhisattvas (Avalokiteshvara, Tara [Ushnisha], Manjushri, Prajnaparamita, etc.), Shiva (Bhairava, Gangadhara, Nataraja, etc.), Devi (Durga, etc.), Vishnu (Balakrishna, Narasimha, etc.), and depiction of Jaina Tirthankaras, Trimurti, and Brahma. Also, we find the depiction of nagas, yakshas, apsaras, and masculine and feminine figures, including the description of the famous historical personalities like Krishnadeva Raya, Manikkavacagar, etc. The conclusive part of this book contains the animal figures including the animal incarnations of Buddha and Brahmanical deities. These art collection pictures were obtained from various Indian and international museums like the Archaeological Survey of India, Victoria and Albert Museum, etc., and from private collections of individuals. The book is highly recommended to students, instructors, museologists, and research scholars interested in Indian arts. 
546 |a English 
588 |a Description based on print version record. 
650 0 |a Sculpture, Indic. 
776 0 8 |i Print version:  |t Viśvakarmā : Examples of Indian Architecture, Sculpture, Painting, Handicraft.  |d Leiden ; Boston : Brill | Manohar Publishers & Distributors, 2024.  |z 9789360800710  |w (OCoLC)1439084989 
856 4 |z DOI:   |u http://dx.doi.org/10.1163/9789004752429 
942 |2 lcc  |c EBOOK 
999 |c 61547  |d 61547